01691nam a2200241 4500001000800000007000300008008004100011040000800052041000800060100003400068245004900102300002400151520085600175650002301031650002601054653001701080700005001097700003701147700004101184773017601225942003101401999001701432ESSALUDta t2024 sp ||||| |||| 00| 0 spa d aBMG aspa aMas Babío, R.eautor948335 aProtocolo terapéutico de las poliglobulias apáginas 1270-1273 aLa eritrocitosis o poliglobulia es un aumento de la masa eritrocitaria total que conlleva un aumento del número de glóbulos rojos y del hematocrito, con el consecuente aumento del riesgo trombótico y de complicaciones derivadas del mismo. Las eritrocitosis las clasificamos en función de si existe elevación o no de eritropoyetina (EPO): primaria (sin elevación de EPO, como la policitemia vera) y secundaria (EPO elevada). Además, también se clasifican en adquiridas y congénitas, en función del origen del incremento de glóbulos rojos. El objetivo fundamental en el tratamiento de estas patologías es reducir la viscosidad sanguínea (de forma farmacológica y/o con sangrías) y prevenir las complicaciones trombóticas, basándonos en un manejo individualizado y en el control de los factores de riesgo cardiovascular. aPOLICITEMIA940258 aERITROPOYETINA948333 aPOLIGLOBULIA aCarreño Gómez-Tarragona, G.eautor948334 aMedina de Alba, L.eautor948332 aMartínez López, J.eautor9402840 015325921712dBarcelona ElsevieroMED136tMedicine: Programa sistemático de actualización en medicina y protocolos de práctica clínicaw(ESSALUD)ESSALUDx0304-5412 cARTICULOSe2024-12-13zAFC c20914d20914